2025/26 Atletico Madrid 5-2 Real Madrid XI's - Statistics

General Stats
  • This quiz has been taken 14 times
  • The average score is 18 of 22
Answer Stats
Hint Answer % Correct
9 Alexander Sorloth
91%
17 David Hancko
91%
13 Jan Oblak
91%
19 Julian Alvarez
91%
10 Kylian Mbappe
91%
8 Pablo Barrios
91%
1 Thibaut Courtois
91%
15 Arda Guler
82%
2 Dani Carvajal
82%
20 Giovanni Simeone
82%
6 Koke
82%
14 Marcos Llorente
82%
24 Robin Le Normand
82%
7 Vinicius Jr
82%
18 Alvaro Carreras
73%
3 Eder Militao
73%
8 Federico Valverde
73%
5 Jude Bellingham
73%
14 Aurelien Tchouameni
64%
15 Clement Lenglet
64%
24 Dean Huijsen
64%
23 Nico Gonzalez
64%
No matching quizzes found
Score Distribution
Percent of People with Each Score
Percentile by Number Answered
Your Score History
You have not taken this quiz